000 00562nam a2200193Ia 4500
003 GCL
008 140319s9999 xx 000 0 ara d
040 _aGCL /
_cGCL
082 0 4 _a953.03
_bح ا
100 1 _aحازم صاعية
245 1 0 _aاول العروبة تخلى الاكثرية تولى الاقلية /
_cحازم صاعية
260 _a[S.N] :
_bدار الجديد ،
_c1993
300 _a133
490 _a
650 0 4 _aالعالم العربى
650 0 4 _aتاريخ
650 0 4 _aمقالات ومحاضرات
942 _2ddc
_cBK
999 _c54228
_d54228